Characteristics of the educational sector in Latin American Countries

Guardado en:
Bibliografiske detaljer
Format: Texto
Tags: Tilføj Tag
Ingen Tags, Vær først til at tagge denne postø!

MARC

LEADER 00000 a a2200000 04500
001 45640
003
040
245 |a Characteristics of the educational sector in Latin American Countries  
773 |g páginas 22-58 : tablas  
999 |c 29272  |d 29272